Shakespeare, his life and work / (Record no. 85986)
[ view plain ]
| 000 -LEADER | |
|---|---|
| fixed length control field | 00771nam a2200241 a 4500 |
| 001 - CONTROL NUMBER | |
| control field | 85986 |
| 003 - CONTROL NUMBER IDENTIFIER | |
| rucl marc code | BD-RjUL |
| 005 - DATE AND TIME OF LATEST TRANSACTION | |
| control field | 20251123150357.0 |
| 008 - FIXED-LENGTH DATA ELEMENTS--GENERAL INFORMATION | |
| fixed length control field | 251123s1930 enk 000 0beng |
| 035 ## - SYSTEM CONTROL NUMBER | |
| System control number | (BD-RjUL)85986 |
| 040 ## - CATALOGING SOURCE | |
| Original cataloging agency | DLC |
| Transcribing agency | CarP |
| Modifying agency | DLC |
| -- | BD-RjUL |
| Language of cataloging | eng |
| 041 ## - LANGUAGE CODE | |
| Language code of text/sound track or separate title | eng |
| 082 ## - DEWEY DECIMAL CLASSIFICATION NUMBER | |
| Edition number | 23 |
| Classification number | 822.33 |
| Author mark and year | SMS 1930 |
| 100 1# - MAIN ENTRY--PERSONAL NAME | |
| Personal name | Smeaton, William Henry Oliphant, |
| Dates associated with a name | 1856-1914. |
| 9 (RLIN) | 17375 |
| 245 00 - TITLE STATEMENT | |
| Title | Shakespeare, his life and work / |
| Statement of responsibility, etc. | Oliphant Smeaton |
| 260 ## - PUBLICATION, DISTRIBUTION, ETC. (IMPRINT) | |
| Place of publication, distribution, etc. | London & Toronto; |
| -- | New York : |
| Name of publisher, distributor, etc. | J. M. Dent & sons, ltd; |
| -- | E. P. Dutton & co., |
| Date of publication, distribution, etc. | [1930?] |
| 300 ## - PHYSICAL DESCRIPTION | |
| Pagination | xii, 562 p. |
| Size | 18 cm. |
| 336 ## - CONTENT TYPE | |
| Content type term | text |
| Content type code | txt |
| Source | rdacontent |
| 337 ## - MEDIA TYPE | |
| Media type term | unmediated |
| Media type code | n |
| Source | rdamedia |
| 338 ## - CARRIER TYPE | |
| Carrier type term | volume |
| Carrier type code | nc |
| Source | rdacarrier |
| 600 10 - SUBJECT ADDED ENTRY--PERSONAL NAME | |
| Personal name | Shakespeare, William, |
| Dates associated with a name | 1564-1616. |
| 942 ## - ADDED ENTRY ELEMENTS (KOHA) | |
| Source of classification or shelving scheme | Dewey Decimal Classification |
| Koha item type | Books |
| Lost status | Source of classification or shelving scheme | Damaged status | Not for loan | Collection code | Permanent Location | Current Location | Shelving location | Date acquired | Total Checkouts | Full call number | Date last seen | Copy number | Koha item type |
|---|---|---|---|---|---|---|---|---|---|---|---|---|---|
| Dewey Decimal Classification | Not For Loan | Fiction | Central Library, University of Rajshahi | Central Library, University of Rajshahi | Reading Room | 23/11/2025 | 822.33 SMS 1930 | 23/11/2025 | C-1 | Books |